00842nam a2200241Ia 4500003000900000008004100009040001300050040001300063041000800076100001600084245002300100250002100123260002500144260000900169300001100178300001000189490003600199490000600235600013900241942000700380999001700387952019600404IT-RoPAU120407s9999 xx 000 0 und d aIT-RoPAU cIT-RoPAU aita aLouis Evely aSofferenza. 2a ed. aAssisi - Perugia aCittadella - Grafica c1969 a143 p. c19 cm aSpiritualità del nostro tempo v1 a"Tit. orig.: Souffrance. Trad. L. Rossi. 1. Sofferenza, Meditazioni I - Rossi, Lamberto. 242 BNI 69-4329" cBK c25739d25739 00102ddc406248_14300000000000071aPAULUSbPAULUSd2012-04-11l0o248.143r2012-04-11 00:00:00w2012-04-11yBKzInserito da: Jole In data: 22 luglio 2011 fondo: Via A.Severo 56 Progr:33054